000 00850nam a22002291 4500
001 68816
003 ES-MaACL
005 20230906170354.0
007 t|
008 000401s1875 sp ||||0| spa d
016 7 _zIND2000916231
040 _aM-BN
_bspa
_cCDM
100 1 _aVega, Ricardo de la.
_9113583
245 1 0 _aCuatro sacristanes
_b: revista bufo-política en un acto y en verso /
_coriginal de Ricardo de la Vega ; música de Don José Aceves ; precedida de un prólogo... por Rafael María Liern.
250 _a2ª ed.
260 _aMadrid :
_b[s.n.],
_c1875 (
_fImp. de Diego Valero)
300 _a32 p. ;
_c19 cm.
500 _aSolo incluye la letra.
700 1 _aLiern, Rafael María.
_972253
700 1 _aAceves, José.
_9143453
852 _aES-MaACL
_jD-2525(7)
_q. - Encuadernado con otras obras
_z.- Legado M. de La Fuente
999 _c68816
_d68816